Zur Beziehung zwischen Barwertmodell, Fair Game Modell und Martingalmodell <Eine> Übersicht
Salvato in:
| Autore principale: | |
|---|---|
| Natura: | Libro |
| Lingua: | tedesco |
| Pubblicazione: |
Wien
Institut für Höhere Studien
1994
|
| Edizione: | 1. Aufl. |
| Serie: | Forschungsbericht
No. 339 |
| Soggetti: | |
| Tags: |
Nessun Tag, puoi essere il primo ad aggiungerne!!
|
MARC
| LEADER | 00000nam a2200000 4500 | ||
|---|---|---|---|
| 001 | c005545 | ||
| 005 | 20221214075217.9 | ||
| 041 | 0 | |a ger | |
| 044 | |a AT | ||
| 245 | 1 | 0 | |a Zur Beziehung zwischen Barwertmodell, Fair Game Modell und Martingalmodell |b <Eine> Übersicht |c Raimund Alt |
| 250 | |a 1. Aufl. | ||
| 264 | 1 | |a Wien |b Institut für Höhere Studien |c 1994 | |
| 300 | |a 13 s. | ||
| 490 | 1 | |a Forschungsbericht |v No. 339 | |
| 830 | 0 | |a Forschungsbericht |v No. 339 | |
| 610 | 2 | 0 | |a modely ekonomicko-matematické |
| 610 | 2 | 0 | |a trh kapitálový |
| 100 | 1 | |a Alt, Raimund | |